LEADER 00882nam0-22002651i-450- 001 990001077410403321 005 20040701143951.0 035 $a000107741 035 $aFED01000107741 035 $a(Aleph)000107741FED01 035 $a000107741 100 $a20020001d--------km-y0itay50------ba 101 0 $aeng 200 1 $aI am a mathematician$eThe Later Life of a Prodigy. An autobiographical account of the mature years and career of Nobert Wiener and a continuation of the account of his childhood in Ex-Prodigy 210 $aCambridge [Mass.] [etc.]$cThe MIT Press$d1956 610 0 $aStoria della matematica 676 $a509 700 1$aWiener,$bNorbert$f<1894-1964>$02095 801 0$aIT$bUNINA$gRICA$2UNIMARC 901 $aBK 912 $a990001077410403321 952 $a6B-016.001$b8396$fFI1 959 $aFI1 996 $aI am a mathematician$9336540 997 $aUNINA LEADER 01030nam2-2200325---450- 001 990006127570203316 005 20160219161051.0 035 $a000612757 035 $aUSA01000612757 035 $a(ALEPH)000612757USA01 035 $a000612757 100 $a20160218d1971----km-y0itay50------ba 101 $aita 102 $aIT 105 $aaf--||||001yy 200 1 $a<<4.2:>> Composizione degli edifici$esez. 10., Gli edifici per il lavoro organizzato$fPasquale Carbonara 210 $aTorino$cUnione tipografico-editrice torinese$d1971 215 $a1106 p., [3] p. di tav.$cill.$d26 cm 461 0$1001000612676$12001$aArchitettura pratica 606 0 $aArchitettura$xEnciclopedie$2BNCF 676 $a720.351 700 1$aCARBONARA,$bPasquale$02209 801 0$aIT$bsalbc$gISBD 912 $a990006127570203316 951 $a720.351 CAR/4.2$b2713 Ing.$c720$d00331175 959 $aBK 969 $aTEC 979 $aPAOLA$b90$c20160219$lUSA01$h1610 996 $aComposizione degli edifici$91385051 997 $aUNISA